000
00258nam a2200109Ia 4500
008
190216s9999||||xx |||||||||||||| ||und||
100
_a
Sreedharan Cp
245
0
_a
Rashtra Thanthra Pravesham
260
_b
Vidyarthimithram
650
_a
Politics
942
_c
BK
999
_c
34846
_d
34846